| 000 | 01232nam0a22002651 4500 | ||
|---|---|---|---|
| 001 | rc\2757381 | ||
| 005 | 20250529151048.0 | ||
| 035 | _a(NLR Aleph) 006884090 | ||
| 090 |
_a7077800 _c7077800 |
||
| 100 | _a20110915d1940 |||y0rusy50 ca | ||
| 101 | 0 | _arus | |
| 102 | _aRU | ||
| 105 | _aa z ||||| | ||
| 200 | 1 |
_aСборник лабораторных работ и упражнений по общей химии _fИ. Г. Рысс, М. Я. Гольбрайх, И. С. Константиновская [и др.] _gПод ред. И. Г. Рысс _gДнепропетр. металлург. ин-т им. Сталина, Кафедра общей химии |
|
| 210 |
_aМосква _aДнепропетровск _cМеталлургиздат _d1940 _eДнепропетровск |
||
| 215 |
_a104 с. _cил., черт. _d22 см. |
||
| 702 | 1 |
_aКонстантиновская _bИ.С. _4570 |
|
| 702 | 1 |
_aРысс _bИ.Г. _4340 |
|
| 702 | 1 |
_aГольбрайх _bМ.Я. _4570 |
|
| 712 | 0 | 2 |
_aДнепропетровский металлург. ин-т им. Сталина _bКафедра общей химии |
| 801 | 0 |
_aRU _bNLR _gpsbo |
|
| 801 | 1 |
_aRU _bELAR _2rusmarc |
|
| 852 |
_aNLR _jХ02 В-5/1 |
||
| 942 | _cBOOK | ||
| 980 | _aNB | ||